[Event "Monarch Assurance Isle of Man 12th"]
[Site "Port Erin IOM"]
[Date "2003.09.28"]
[Round "2.1"]
[White "Iordachescu, Viorel"]
[Black "Arkell, Keith"]
[Result "1-0"]
[WhiteElo "2606"]
[BlackElo "2513"]
[PlyCount "92"]
[EventDate "2003.09.27"]
[EventType "swiss"]
[EventRounds "9"]
[EventCountry "IOM"]
[SourceTitle "BritBase"]
[SourceDate "2008.07.14"]
[SourceVersion "1"]
[SourceVersionDate "2008.07.14"]
[SourceQuality "2"]

1. e4 c6 2. d4 d5 3. e5 c5 4. Nf3 Nc6 5. c4 cxd4 6. Nxd4 e6 7. Nc3 Bc5 8. Nxc6
bxc6 9. Bd3 dxc4 10. Bxc4 Bxf2+ 11. Kxf2 Qh4+ 12. g3 Qxc4 13. Qd6 f6 14. Rd1
Kf7 15. Rd4 Qa6 16. Qc7+ Ne7 17. exf6 gxf6 18. Ne4 Qb6 19. Nd6+ Kg6 20. Qxe7
Qxd4+ 21. Be3 Qxb2+ 22. Kf3 Rf8 23. Qxf8 Qe2+ 24. Kxe2 Ba6+ 25. Ke1 Rxf8 26.
Bxa7 Rd8 27. Bc5 Rb8 28. Ba3 c5 29. Ne4 Bc4 30. Nd2 Bd5 31. Bxc5 Kf5 32. a4 Kg4
33. a5 Kh3 34. Ra4 Kg2 35. a6 Rc8 36. Ra5 h5 37. Nf1 Be4 38. a7 f5 39. Nd2 Bd5
40. Nf1 Be4 41. h4 Bc6 42. Ra2+ Kf3 43. Bd6 Rd8 44. Ra3+ Kg2 45. Ne3+ Kh3 46.
Nc4 Be4 1-0

[Event "Monarch Assurance Isle of Man 12th"]
[Site "Port Erin IOM"]
[Date "2003.09.28"]
[Round "2.2"]
[White "Sulskis, Sarunas"]
[Black "Pert, Nicholas"]
[Result "1-0"]
[WhiteElo "2593"]
[BlackElo "2483"]
[PlyCount "91"]
[EventDate "2003.09.27"]
[EventType "swiss"]
[EventRounds "9"]
[EventCountry "IOM"]
[SourceTitle "BritBase"]
[SourceDate "2008.07.14"]
[SourceVersion "1"]
[SourceVersionDate "2008.07.14"]
[SourceQuality "2"]

1. e4 c5 2. Nf3 Nc6 3. d4 cxd4 4. Nxd4 Nf6 5. Nc3 e5 6. Ndb5 d6 7. Bg5 a6 8.
Bxf6 gxf6 9. Na3 b5 10. Nd5 f5 11. Nxb5 axb5 12. Bxb5 Bd7 13. exf5 Rb8 14. a4
Qg5 15. O-O Rg8 16. g3 Kd8 17. c4 Ne7 18. Bxd7 Kxd7 19. a5 Nxd5 20. Qxd5 Qxf5
21. a6 Be7 22. a7 Ra8 23. c5 Rgd8 24. c6+ Ke8 25. c7 Rdc8 26. Rfc1 Qe6 27. Qc6+
Qd7 28. Qxa8 Rxa8 29. c8=Q+ Rxc8 30. Rxc8+ Qxc8 31. a8=Q Qxa8 32. Rxa8+ Bd8 33.
b4 Kd7 34. b5 e4 35. Ra7+ Ke6 36. Kf1 h5 37. Ke2 Bb6 38. Rb7 Bc5 39. h4 f5 40.
Rh7 Ke5 41. Rxh5 Bb6 42. g4 Kf4 43. g5 d5 44. g6 d4 45. g7 d3+ 46. Kd1 1-0

[Event "Monarch Assurance Isle of Man 12th"]
[Site "Port Erin IOM"]
[Date "2003.09.28"]
[Round "2.4"]
[White "Luther, Thomas"]
[Black "Wells, Peter K"]
[Result "0-1"]
[WhiteElo "2574"]
[BlackElo "2481"]
[PlyCount "110"]
[EventDate "2003.09.27"]
[EventType "swiss"]
[EventRounds "9"]
[EventCountry "IOM"]
[SourceTitle "BritBase"]
[SourceDate "2008.07.14"]
[SourceVersion "1"]
[SourceVersionDate "2008.07.14"]
[SourceQuality "2"]

1. e4 c5 2. Nf3 Nc6 3. d4 cxd4 4. Nxd4 Nf6 5. Nc3 d6 6. Bg5 e6 7. Qd2 Be7 8.
O-O-O O-O 9. h4 h6 10. Nf3 hxg5 11. hxg5 Nh7 12. Bd3 Ne5 13. Kb1 Nxf3 14. gxf3
Bxg5 15. f4 Bh6 16. Rdg1 Kh8 17. e5 f5 18. exf6 Qxf6 19. Ne4 Qxf4 20. Qc3 e5
21. Nxd6 Be6 22. Qc7 e4 23. Bxe4 Bg8 24. f3 Rf6 25. Qxb7 Raf8 26. Nc8 Qe5 27.
b3 g5 28. Ne7 R8f7 29. Nxg8 Rxb7 30. Nxf6 Qxf6 31. Bxb7 Bg7 32. Kc1 Qf4+ 33.
Kb1 Qd4 34. Kc1 Qe3+ 35. Kb1 Qd4 36. Kc1 Kg8 37. Ba6 Nf6 38. Bc4+ Kf8 39. a4 g4
40. fxg4 Qe3+ 41. Kb1 Ne4 42. Rf1+ Ke8 43. Re1 Qd4 44. c3 Qe5 45. Rhf1 Kd8 46.
Rd1+ Kc8 47. Rf3 Qh2 48. Ba6+ Kc7 49. Rdd3 Kb6 50. Bc4 Nd2+ 51. Rxd2 Qxd2 52.
Rd3 Qg2 53. b4 Qe4 54. a5+ Kc7 55. Bb5 Bxc3 0-1

[Event "Monarch Assurance Isle of Man 12th"]
[Site "Port Erin IOM"]
[Date "2003.09.28"]
[Round "2.5"]
[White "Davies, Nigel"]
[Black "Agdestein, Simen"]
[Result "1/2-1/2"]
[WhiteElo "2482"]
[BlackElo "2571"]
[PlyCount "63"]
[EventDate "2003.09.27"]
[EventType "swiss"]
[EventRounds "9"]
[EventCountry "IOM"]
[SourceTitle "BritBase"]
[SourceDate "2008.07.14"]
[SourceVersion "1"]
[SourceVersionDate "2008.07.14"]
[SourceQuality "2"]

1. d4 e6 2. g3 f5 3. Bg2 Nf6 4. c4 c6 5. Qc2 d6 6. Nf3 e5 7. dxe5 dxe5 8. O-O
Bd6 9. Nc3 e4 10. Ng5 h6 11. Nh3 O-O 12. f3 exf3 13. exf3 Na6 14. Be3 Re8 15.
Bf2 Be6 16. Rfd1 Qc7 17. Ne2 Nb4 18. Qc3 c5 19. Nhf4 Bf7 20. a3 Nc6 21. Qc2
Rad8 22. Rac1 Na5 23. Nd5 Nxd5 24. cxd5 Qd7 25. Bh3 Bg6 26. Nc3 b6 27. f4 c4
28. Re1 Nb3 29. Rxe8+ Rxe8 30. Re1 Rxe1+ 31. Bxe1 Nc5 32. Bf2 1/2-1/2

[Event "Monarch Assurance Isle of Man 12th"]
[Site "Port Erin IOM"]
[Date "2003.09.28"]
[Round "2.6"]
[White "Korneev, Oleg"]
[Black "Handke, Florian"]
[Result "1-0"]
[WhiteElo "2561"]
[BlackElo "2476"]
[PlyCount "63"]
[EventDate "2003.09.27"]
[EventType "swiss"]
[EventRounds "9"]
[EventCountry "IOM"]
[SourceTitle "BritBase"]
[SourceDate "2008.07.14"]
[SourceVersion "1"]
[SourceVersionDate "2008.07.14"]
[SourceQuality "2"]

1. e4 c5 2. Nf3 Nc6 3. d4 cxd4 4. Nxd4 Nf6 5. Nc3 e5 6. Ndb5 d6 7. Bg5 a6 8.
Na3 b5 9. Nd5 Be7 10. Bxf6 Bxf6 11. c3 O-O 12. Nc2 Bg5 13. Be2 Rb8 14. Qd3 a5
15. a3 f5 16. Bf3 g6 17. O-O Kh8 18. b4 Be6 19. Rfd1 Qd7 20. Nde3 Be7 21. exf5
gxf5 22. Bxc6 Qxc6 23. bxa5 Rg8 24. Nb4 Qa8 25. Ned5 Bf6 26. Qh3 Bd8 27. a6 Rc8
28. Qh6 Rg6 29. Qf8+ Bg8 30. Qxf5 Rc5 31. Qf3 Ba5 32. Ne7 1-0

[Event "Monarch Assurance Isle of Man 12th"]
[Site "Port Erin IOM"]
[Date "2003.09.28"]
[Round "2.7"]
[White "Del Rio Angelis, Salvador Gabriel"]
[Black "Hebden, Mark"]
[Result "1-0"]
[WhiteElo "2479"]
[BlackElo "2544"]
[PlyCount "121"]
[EventDate "2003.09.27"]
[EventType "swiss"]
[EventRounds "9"]
[EventCountry "IOM"]
[SourceTitle "BritBase"]
[SourceDate "2008.07.14"]
[SourceVersion "1"]
[SourceVersionDate "2008.07.14"]
[SourceQuality "2"]

1. e4 e5 2. Nf3 Nc6 3. Bb5 a6 4. Ba4 Nf6 5. O-O Be7 6. Re1 b5 7. Bb3 O-O 8. c3
d5 9. exd5 Nxd5 10. Nxe5 Nxe5 11. Rxe5 c6 12. d4 Bd6 13. Re1 Qh4 14. g3 Qh3 15.
Be3 Bg4 16. Qd3 Rae8 17. Nd2 Re6 18. a4 Qh5 19. axb5 axb5 20. Nf1 Bf5 21. Qd2
Rfe8 22. Bxd5 cxd5 23. Qe2 Qxe2 24. Rxe2 b4 25. Ree1 bxc3 26. bxc3 Rc8 27. Bd2
Be4 28. Re3 h5 29. f3 Bf5 30. Ra5 Rf6 31. Rxd5 Bg6 32. Re1 Ba3 33. Kf2 Bb2 34.
Rde5 Kh7 35. Re8 Rcc6 36. R1e3 Ra6 37. Rb8 Ra2 38. Ke2 Rc6 39. Ree8 Bf5 40. Ra8
Rxa8 41. Rxa8 Bxc3 42. Ne3 Bh3 43. Bxc3 Rxc3 44. Ra2 f6 45. Nd5 Rc1 46. Nf4
Bf1+ 47. Kd2 Rc4 48. Ra1 Rxd4+ 49. Ke3 Rxf4 50. Kxf4 Bd3 51. h4 Kh6 52. Ra5 Bc2
53. Ke3 Bd1 54. Rd5 Bb3 55. Rc5 Be6 56. Kd4 Kg6 57. Rc7 Bh3 58. Kc5 Bg2 59. f4
Bf3 60. Kd6 Be4 61. Rc5 1-0

[Event "Monarch Assurance Isle of Man 12th"]
[Site "Port Erin IOM"]
[Date "2003.09.28"]
[Round "2.8"]
[White "Kogan, Artur"]
[Black "Bae, Torstein"]
[Result "1-0"]
[WhiteElo "2534"]
[BlackElo "2366"]
[PlyCount "53"]
[EventDate "2003.09.27"]
[EventType "swiss"]
[EventRounds "9"]
[EventCountry "IOM"]
[SourceTitle "BritBase"]
[SourceDate "2008.07.14"]
[SourceVersion "1"]
[SourceVersionDate "2008.07.14"]
[SourceQuality "2"]

1. e4 d6 2. d4 Nf6 3. Nc3 a6 4. Bg5 Nbd7 5. f4 b5 6. e5 b4 7. exf6 bxc3 8. fxg7
Bxg7 9. bxc3 c5 10. Bd3 Qa5 11. Ne2 Bxd4 12. Qd2 Bg7 13. O-O Nf6 14. Qe3 Ra7
15. Rab1 Qc7 16. c4 Ng4 17. Qf3 Bf6 18. Rb3 Bxg5 19. fxg5 Ne5 20. Qf4 Rb7 21.
Nc3 Be6 22. Be4 Rxb3 23. axb3 Qa5 24. Nd5 Bxd5 25. Bxd5 O-O 26. Qe3 Qa2 27. Qc3
1-0

[Event "Monarch Assurance Isle of Man 12th"]
[Site "Port Erin IOM"]
[Date "2003.09.28"]
[Round "2.9"]
[White "Sandipan, Chanda"]
[Black "Barsov, Alexei"]
[Result "1/2-1/2"]
[WhiteElo "2469"]
[BlackElo "2526"]
[PlyCount "37"]
[EventDate "2003.09.27"]
[EventType "swiss"]
[EventRounds "9"]
[EventCountry "IOM"]
[SourceTitle "BritBase"]
[SourceDate "2008.07.14"]
[SourceVersion "1"]
[SourceVersionDate "2008.07.14"]
[SourceQuality "2"]

1. e4 e6 2. d4 d5 3. e5 c5 4. c3 Bd7 5. Nf3 Qb6 6. a3 a5 7. Be2 Nc6 8. O-O a4
9. dxc5 Bxc5 10. c4 Nge7 11. Nc3 Nd4 12. Nxd4 Bxd4 13. cxd5 Nxd5 14. Nxd5 exd5
15. Bd2 O-O {(=)} 16. Bc3 Bxc3 17. bxc3 Qb2 18. Qd3 Bf5 19. Qxf5 1/2-1/2

[Event "Monarch Assurance Isle of Man 12th"]
[Site "Port Erin IOM"]
[Date "2003.09.28"]
[Round "2.10"]
[White "Emms, John"]
[Black "Bjarnason, Oskar"]
[Result "1-0"]
[WhiteElo "2520"]
[BlackElo "2261"]
[PlyCount "33"]
[EventDate "2003.09.27"]
[EventType "swiss"]
[EventRounds "9"]
[EventCountry "IOM"]
[SourceTitle "BritBase"]
[SourceDate "2008.07.14"]
[SourceVersion "1"]
[SourceVersionDate "2008.07.14"]
[SourceQuality "2"]

1. e4 d5 2. exd5 Qxd5 3. Nc3 Qa5 4. Nf3 Nf6 5. d4 c6 6. Bd2 Bf5 7. Ne4 Qc7 8.
Nxf6+ gxf6 9. g3 Bg7 10. Bg2 Be4 11. O-O O-O 12. Re1 f5 13. Nh4 Bxg2 14. Nxf5
Bf6 15. Rxe7 Qd8 16. Qg4+ Kh8 17. Bg5 1-0

[Event "Monarch Assurance Isle of Man 12th"]
[Site "Port Erin IOM"]
[Date "2003.09.28"]
[Round "2.11"]
[White "Porat, David"]
[Black "Lputian, Smbat G"]
[Result "0-1"]
[WhiteElo "2235"]
[BlackElo "2623"]
[PlyCount "108"]
[EventDate "2003.09.27"]
[EventType "swiss"]
[EventRounds "9"]
[EventCountry "IOM"]
[SourceTitle "BritBase"]
[SourceDate "2008.07.14"]
[SourceVersion "1"]
[SourceVersionDate "2008.07.14"]
[SourceQuality "2"]

1. d4 d5 2. c4 e6 3. Nf3 c6 4. e3 f5 5. g3 Nf6 6. Bg2 Bd6 7. O-O Nbd7 8. b3 O-O
9. Ba3 Bxa3 10. Nxa3 b6 11. cxd5 cxd5 12. Qd3 Qe7 13. Nc2 a5 14. b4 axb4 15.
Qb3 Ba6 16. Rfc1 Bc4 17. Qxb4 Qxb4 18. Nxb4 Ra4 19. Rab1 Ne4 20. Rb2 b5 21.
Rcc2 Rfa8 22. Nd2 Nb6 23. Bxe4 fxe4 24. Nxc4 bxc4 25. Nc6 Nd7 26. Rb7 Nf6 27.
Ne5 h5 28. Rbb2 R4a7 29. Kg2 Nd7 30. Nxd7 Rxd7 31. g4 hxg4 32. Kg3 Rf7 33. Kxg4
Rf6 34. Kg3 Rg6+ 35. Kf4 Kf7 36. Ke5 Ra6 37. Rb7+ Kg8 38. Kf4 Kh7 39. Rb8 Rh6
40. Kg3 Rg6+ 41. Kf4 Rh6 42. Kg3 e5 43. Kg2 exd4 44. exd4 Rag6+ 45. Kh1 Rh3 46.
Rd8 Rd3 47. Rc1 Rxd4 48. a4 Rd2 49. a5 c3 50. Rc8 d4 51. Rc4 Rf6 52. Rc7 Rfxf2
53. a6 c2 54. Kg1 e3 0-1

[Event "Monarch Assurance Isle of Man 12th"]
[Site "Port Erin IOM"]
[Date "2003.09.28"]
[Round "2.12"]
[White "Epishin, Vladimir"]
[Black "Gabrielsen, Trond"]
[Result "1-0"]
[WhiteElo "2642"]
[BlackElo "2228"]
[PlyCount "65"]
[EventDate "2003.09.27"]
[EventType "swiss"]
[EventRounds "9"]
[EventCountry "IOM"]
[SourceTitle "BritBase"]
[SourceDate "2008.07.14"]
[SourceVersion "1"]
[SourceVersionDate "2008.07.14"]
[SourceQuality "2"]

1. d4 f5 2. Nf3 Nf6 3. Bg5 e6 4. Nbd2 d5 5. e3 Nbd7 6. c4 Be7 7. Qc2 c6 8. cxd5
cxd5 9. Be2 O-O 10. O-O h6 11. Bh4 g5 12. Bg3 Ne8 13. Rac1 Bf6 14. a4 Rf7 15.
Nb3 Nf8 16. Nc5 Ng6 17. Nd3 Rg7 18. Nfe5 Nxe5 19. Bxe5 Nd6 20. Qb3 Ne4 21. Rc2
Bxe5 22. Nxe5 Rc7 23. Rfc1 Rxc2 24. Rxc2 Nd6 25. Qa3 Nf7 26. Qb4 Nxe5 27. dxe5
Bd7 28. Qxb7 Rb8 29. Qxa7 Ra8 30. Qb7 Rb8 31. Qa6 Rb6 32. Qa7 Bc6 33. a5 1-0

[Event "Monarch Assurance Isle of Man 12th"]
[Site "Port Erin IOM"]
[Date "2003.09.28"]
[Round "2.13"]
[White "Kuzmin, Alexey"]
[Black "Allen, Keith"]
[Result "1-0"]
[WhiteElo "2583"]
[BlackElo "2224"]
[PlyCount "119"]
[EventDate "2003.09.27"]
[EventType "swiss"]
[EventRounds "9"]
[EventCountry "IOM"]
[SourceTitle "BritBase"]
[SourceDate "2008.07.14"]
[SourceVersion "1"]
[SourceVersionDate "2008.07.14"]
[SourceQuality "2"]

1. d4 f5 2. Nc3 d5 3. Bf4 c6 4. e3 Nf6 5. Nf3 e6 6. Bd3 Bd6 7. Ne2 Ne4 8. O-O
O-O 9. c4 b6 10. a3 Qe7 11. b4 g5 12. Bxd6 Nxd6 13. Ne5 Nf7 14. f4 Nxe5 15.
dxe5 g4 16. Rc1 a5 17. cxd5 cxd5 18. Nd4 axb4 19. axb4 Na6 20. Nc6 Qd7 21. Qd2
Bb7 22. Nd4 Rfc8 23. Ra1 Qe7 24. Qe2 Nxb4 25. Bxf5 exf5 26. Nxf5 Qf8 27. Qxg4+
Kh8 28. Nd6 Nc2 29. Rxa8 Rxa8 30. Qe2 Ba6 31. Qxc2 Bxf1 32. Kxf1 d4 33. Ke2 Ra3
34. exd4 Qxf4 35. Qc8+ Kg7 36. Qd7+ Kg6 37. Qe8+ Kg7 38. Nf5+ Qxf5 39. Qe7+ Kg8
40. Qxa3 Qe4+ 41. Qe3 Qxg2+ 42. Kd3 Qxh2 43. Qg5+ Kf7 44. Qf5+ Ke8 45. Qc8+ Ke7
46. Qc7+ Ke8 47. Qc6+ Ke7 48. Qd6+ Ke8 49. Qe6+ Kf8 50. Qxb6 h5 51. Qd8+ Kf7
52. Qd7+ Kf8 53. Qf5+ Ke8 54. d5 Qh1 55. Qe6+ Kf8 56. Qf6+ Ke8 57. d6 Qd1+ 58.
Ke3 Kd7 59. Qf7+ Kc6 60. Qf3+ 1-0

[Event "Monarch Assurance Isle of Man 12th"]
[Site "Port Erin IOM"]
[Date "2003.09.28"]
[Round "2.14"]
[White "Gordon, Stephen J"]
[Black "Kotronias, Vasilios"]
[Result "0-1"]
[WhiteElo "2216"]
[BlackElo "2602"]
[PlyCount "66"]
[EventDate "2003.09.27"]
[EventType "swiss"]
[EventRounds "9"]
[EventCountry "IOM"]
[SourceTitle "BritBase"]
[SourceDate "2008.07.14"]
[SourceVersion "1"]
[SourceVersionDate "2008.07.14"]
[SourceQuality "2"]

1. d4 Nf6 2. c4 g6 3. Nf3 Bg7 4. g3 O-O 5. Bg2 d6 6. O-O Nbd7 7. d5 Nb6 8. Na3
e6 9. dxe6 Bxe6 10. Nd4 Bc8 11. Ndb5 Nfd7 12. Qc2 Nc5 13. Bd2 c6 14. Nc3 Bf5
15. e4 Be6 16. b3 f5 17. Rad1 Qf6 18. Nab1 fxe4 19. b4 Nxc4 20. bxc5 d5 21. Ne2
Qe7 22. Be3 Bg4 23. Nd4 Bxd1 24. Rxd1 Nxe3 25. fxe3 Bh6 26. Qc3 Rf6 27. Nd2
Raf8 28. Nf1 Rf2 29. Qb3 Bg7 30. Bh3 Bxd4 31. exd4 R8f3 32. Ne3 Qg5 33. Re1
Rxh2 0-1

[Event "Monarch Assurance Isle of Man 12th"]
[Site "Port Erin IOM"]
[Date "2003.09.28"]
[Round "2.15"]
[White "Psakhis, Lev"]
[Black "Hughes, Howard"]
[Result "1-0"]
[WhiteElo "2550"]
[BlackElo "2215"]
[PlyCount "53"]
[EventDate "2003.09.27"]
[EventType "swiss"]
[EventRounds "9"]
[EventCountry "IOM"]
[SourceTitle "BritBase"]
[SourceDate "2008.07.14"]
[SourceVersion "1"]
[SourceVersionDate "2008.07.14"]
[SourceQuality "2"]

1. d4 e6 2. Nf3 f5 3. g3 Nf6 4. Bg2 Be7 5. O-O O-O 6. c4 d6 7. b4 Qe8 8. Bb2 c6
9. a4 Nbd7 10. Nbd2 e5 11. Ng5 Qh5 12. Ne6 Rf7 13. d5 Rb8 14. e4 Qxd1 15. Rfxd1
Nxe4 16. Nxe4 fxe4 17. Bxe4 Nb6 18. Rdc1 Rf6 19. a5 Nxc4 20. Rxc4 Bxe6 21. dxe6
Rbf8 22. Rc2 d5 23. Bg2 Bxb4 24. a6 bxa6 25. Rxc6 Rxf2 26. Bxe5 Re2 27. Bd6 1-0

[Event "Monarch Assurance Isle of Man 12th"]
[Site "Port Erin IOM"]
[Date "2003.09.28"]
[Round "2.16"]
[White "Timmermans, Ivo"]
[Black "Fridman, Daniel"]
[Result "1/2-1/2"]
[WhiteElo "2213"]
[BlackElo "2592"]
[PlyCount "62"]
[EventDate "2003.09.27"]
[EventType "swiss"]
[EventRounds "9"]
[EventCountry "IOM"]
[SourceTitle "BritBase"]
[SourceDate "2008.07.14"]
[SourceVersion "1"]
[SourceVersionDate "2008.07.14"]
[SourceQuality "2"]

1. e4 c5 2. Nf3 d6 3. d4 cxd4 4. Nxd4 Nf6 5. Nc3 g6 6. Be3 Bg7 7. f3 a6 8. Qd2
h5 9. Bc4 b5 10. Bd5 Nxd5 11. Nxd5 e6 12. Nc3 Nd7 13. O-O Nb6 14. b3 Bb7 15. a4
b4 16. Na2 e5 17. a5 Nc8 18. Ne2 Qxa5 19. Nxb4 Qd8 20. Nd5 O-O 21. Qa5 Bxd5 22.
Qxd5 Ne7 23. Qb7 Re8 24. Rfd1 Qc8 25. Qxc8 Rexc8 26. c4 Bf8 27. Nc3 Rcb8 28.
Rab1 Rb4 29. Na2 Rbb8 30. Nc3 Rb4 31. Na2 Rbb8 1/2-1/2

[Event "Monarch Assurance Isle of Man 12th"]
[Site "Port Erin IOM"]
[Date "2003.09.28"]
[Round "2.17"]
[White "Motwani, Paul"]
[Black "Shaw, David A"]
[Result "1-0"]
[WhiteElo "2525"]
[BlackElo "2183"]
[PlyCount "79"]
[EventDate "2003.09.27"]
[EventType "swiss"]
[EventRounds "9"]
[EventCountry "IOM"]
[SourceTitle "BritBase"]
[SourceDate "2008.07.14"]
[SourceVersion "1"]
[SourceVersionDate "2008.07.14"]
[SourceQuality "2"]

1. e4 e6 2. d4 d5 3. Nd2 Nf6 4. e5 Nfd7 5. c3 c5 6. f4 Nc6 7. Ndf3 Qb6 8. a3 a5
9. b3 cxd4 10. cxd4 Be7 11. h4 f6 12. Bd3 f5 13. Ne2 h5 14. Kf2 Ndb8 15. Be3
Bd7 16. Rh3 g6 17. Nc3 Na6 18. Rg3 Kf7 19. Ng5+ Kf8 20. Na4 Qa7 21. Qb1 Kg7 22.
Qb2 Nd8 23. Rc1 Nf7 24. Nc5 Nxg5 25. hxg5 Nxc5 26. dxc5 Bc6 27. Bd4 Qb8 28. Rh3
Qe8 29. Qe2 b5 30. cxb6 Bxa3 31. Rc2 Rf8 32. Rh1 Rf7 33. Ra1 Bb4 34. Rac1 Bb7
35. Rc7 Rc8 36. Ba6 Rcxc7 37. Rxc7 Bc6 38. Rc8 Qd7 39. Qc2 Bb5 40. b7 1-0

[Event "Monarch Assurance Isle of Man 12th"]
[Site "Port Erin IOM"]
[Date "2003.09.28"]
[Round "2.18"]
[White "Walton, Alan J"]
[Black "Halkias, Stelios"]
[Result "0-1"]
[WhiteElo "2158"]
[BlackElo "2560"]
[PlyCount "108"]
[EventDate "2003.09.27"]
[EventType "swiss"]
[EventRounds "9"]
[EventCountry "IOM"]
[SourceTitle "BritBase"]
[SourceDate "2008.07.14"]
[SourceVersion "1"]
[SourceVersionDate "2008.07.14"]
[SourceQuality "2"]

1. d4 e6 2. e4 d5 3. Nc3 Bb4 4. exd5 exd5 5. Bd3 Nc6 6. a3 Bxc3+ 7. bxc3 Nge7
8. Rb1 O-O 9. Ne2 b6 10. O-O Bf5 11. Ng3 Bxd3 12. cxd3 Qd7 13. Qf3 Nd8 14. Nh5
f6 15. Nf4 Nf7 16. h4 c6 17. Re1 Rfe8 18. Bd2 Nd6 19. Qh3 Qxh3 20. Nxh3 Kf7 21.
Kf1 h5 22. g3 Nef5 23. Nf4 g6 24. Rxe8 Rxe8 25. Ng2 Rc8 26. Nf4 Ng7 27. Re1 Re8
28. Rc1 Ne6 29. Ng2 Nf5 30. Ne3 Rc8 31. Nxf5 gxf5 32. Be3 Ke7 33. Ke2 Kd7 34.
Kd2 Rg8 35. Rh1 Rg4 36. Rh3 c5 37. f3 Rg8 38. dxc5 bxc5 39. Kc2 Kc6 40. Bd2 Rg7
41. Bh6 Rg8 42. Bd2 Kd6 43. f4 c4 44. d4 Nd8 45. Be1 Nb7 46. Rh1 Kc6 47. Rh2
Re8 48. Bd2 Nd6 49. Rg2 Kb5 50. Rg1 Kc6 51. Re1 Ne4 52. Re3 Rg8 53. Be1 Kb5 54.
Kb2 Ka4 0-1

[Event "Monarch Assurance Isle of Man 12th"]
[Site "Port Erin IOM"]
[Date "2003.09.28"]
[Round "2.19"]
[White "Zatonskih, Anna"]
[Black "May, F WLS."]
[Result "1-0"]
[WhiteElo "2423"]
[BlackElo "2153"]
[PlyCount "115"]
[EventDate "2003.09.27"]
[EventType "swiss"]
[EventRounds "9"]
[EventCountry "IOM"]
[SourceTitle "BritBase"]
[SourceDate "2008.07.14"]
[SourceVersion "1"]
[SourceVersionDate "2008.07.14"]
[SourceQuality "2"]

1. e4 c6 2. d4 d5 3. e5 Na6 4. c3 Nc7 5. Bd3 g6 6. Ne2 Ne6 7. Be3 Ng7 8. Ng3 h5
9. Nd2 h4 10. Ngf1 Bf5 11. Be2 f6 12. h3 Nh6 13. Bf4 g5 14. Bh2 Qd7 15. Ne3 Bg6
16. O-O Ne6 17. exf6 exf6 18. c4 Bd6 19. Bxd6 Qxd6 20. cxd5 cxd5 21. Qa4+ Kf8
22. Bf3 Nf4 {(=)} 23. Qb3 Rh7 24. Nxd5 Nxd5 25. Bxd5 Rd8 26. Be4 f5 27. Nc4 Qe7
28. Bd3 Rxd4 {(=)} 29. Rfe1 Qd8 30. Qa3+ Re7 31. Rad1 Ng8 32. Bc2 Rxd1 33. Rxd1
Qc7 34. Bb3 Bf7 35. Nd6 Bxb3 36. axb3 Qc2 37. Rf1 b6 38. Nc4 f4 39. Qd6 Qe4 40.
Qd8+ Kg7 41. Nd2 Qc2 42. Qd5 Qc5 43. Qxc5 bxc5 44. Rc1 Re5 45. Nf3 Rd5 46. Ra1
Kf6 47. Kf1 Rd3 48. Ra6+ Kf5 49. Rxa7 Nf6 50. Rg7 Ne4 51. Re7 Rd5 52. Ke2 Nf6
53. Rb7 Nd7 54. b4 Ne5 55. Rb5 Nxf3 56. gxf3 Re5+ 57. Kd3 Rd5+ 58. Kc2 1-0

[Event "Monarch Assurance Isle of Man 12th"]
[Site "Port Erin IOM"]
[Date "2003.09.28"]
[Round "2.21"]
[White "Van Kemenade, Rudy"]
[Black "Jonkman, Harmen"]
[Result "0-1"]
[WhiteElo "2140"]
[BlackElo "2424"]
[PlyCount "76"]
[EventDate "2003.09.27"]
[EventType "swiss"]
[EventRounds "9"]
[EventCountry "IOM"]
[SourceTitle "BritBase"]
[SourceDate "2008.07.14"]
[SourceVersion "1"]
[SourceVersionDate "2008.07.14"]
[SourceQuality "2"]

1. e4 e5 2. Nf3 Nc6 3. Bb5 a6 4. Ba4 Nf6 5. d3 b5 6. Bb3 Be7 7. O-O O-O 8. Re1
d6 9. c3 Re8 10. Nbd2 Bf8 11. a4 Rb8 12. axb5 axb5 13. h3 g6 14. Nf1 Bg7 15.
Ne3 Be6 16. Nd5 h6 17. Ra6 Bd7 18. Nh2 Nxd5 19. Bxd5 Ne7 20. Bb3 Rf8 21. Ng4
Kh7 22. d4 Qc8 23. Ra7 Nc6 24. Ra2 exd4 25. Qf3 Bxg4 26. hxg4 dxc3 27. Qh3 Nb4
28. bxc3 Nxa2 29. Bxa2 Ra8 30. Bb3 Ra1 31. f4 b4 32. e5 dxe5 33. f5 bxc3 34.
Bxf7 gxf5 35. Qh5 Rxf7 36. Qxf7 fxg4 37. Kh2 Qf8 38. Qxc7 Rxc1 0-1

[Event "Monarch Assurance Isle of Man 12th"]
[Site "Port Erin IOM"]
[Date "2003.09.28"]
[Round "2.22"]
[White "Van der Weide, Karel"]
[Black "Braunlich, Tom"]
[Result "1-0"]
[WhiteElo "2412"]
[BlackElo "2135"]
[PlyCount "81"]
[EventDate "2003.09.27"]
[EventType "swiss"]
[EventRounds "9"]
[EventCountry "IOM"]
[SourceTitle "BritBase"]
[SourceDate "2008.07.14"]
[SourceVersion "1"]
[SourceVersionDate "2008.07.14"]
[SourceQuality "2"]

1. e4 c5 2. Nf3 Nc6 3. Bb5 e6 4. O-O Nge7 5. Re1 a6 6. Bf1 d5 7. exd5 Nxd5 8.
d4 Be7 9. c4 Nf6 10. Be3 O-O 11. Nc3 cxd4 12. Nxd4 Bd7 13. a3 Qc7 14. b4 Rfd8
15. Qe2 Bd6 16. g3 Be5 17. Nxc6 Bxc6 18. Rac1 Bd4 19. Bf4 Qe7 20. h3 h6 21. Rc2
b5 22. cxb5 Bxc3 23. bxc6 Bxe1 24. Qxe1 Nd5 25. Bd2 Nc7 26. a4 Rd5 27. Bc4 Rh5
28. Qf1 Nd5 29. b5 axb5 30. axb5 Nb6 31. Be2 Rd5 32. Be3 Qc7 33. Bf3 Rf5 34.
Be4 Rh5 35. Kg2 f5 36. Bf3 Rg5 37. Bxb6 Qxb6 38. c7 Rc8 39. Rc6 Qa5 40. b6 f4
41. b7 1-0

[Event "Monarch Assurance Isle of Man 12th"]
[Site "Port Erin IOM"]
[Date "2003.09.28"]
[Round "2.23"]
[White "Coathup, Roger"]
[Black "Lane, Gary W"]
[Result "0-1"]
[WhiteElo "2134"]
[BlackElo "2412"]
[PlyCount "38"]
[EventDate "2003.09.27"]
[EventType "swiss"]
[EventRounds "9"]
[EventCountry "IOM"]
[SourceTitle "BritBase"]
[SourceDate "2008.07.14"]
[SourceVersion "1"]
[SourceVersionDate "2008.07.14"]
[SourceQuality "2"]

1. d4 Nf6 2. c4 g6 3. Nc3 Bg7 4. e4 d6 5. Be2 O-O 6. Bg5 Na6 7. h4 e5 8. d5 c6
9. h5 h6 10. Be3 Nc5 11. Qc2 cxd5 12. cxd5 Qa5 13. Bd2 Bd7 14. hxg6 fxg6 15. a3
Qc7 16. f3 Nh5 17. b4 Na4 18. Rc1 Ng3 19. Rh2 Qb6 0-1